| 000 | 00758nam a2200133Ia 4500 | ||
|---|---|---|---|
| 008 | 100328s9999 xx 000 0 und d | ||
| 082 | _b71824 | ||
| 100 | _aआफळे ज्योती-अनु.(मूळ लेखक-अर्ल स्टॅनली गार्डनर) | ||
| 245 | _aक्षण क्षण मृत्यू (दी केस ऑफ ड्राऊझी मोस्क्किटो) | ||
| 260 | _bज्ञानदत्त. | ||
| 630 | _aक्षण क्षण मृत्यू (दी केस ऑफ ड्राऊझी मोस्क्किटो) | ||
| 730 | _aक्षण क्षण मृत्यू (दी केस ऑफ ड्राऊझी मोस्क्किटो) | ||
| 942 | _cBOOK | ||
| 999 |
_c557547 _d557544 |
||